[Event "SR 3. liga A2 2017/2018"]
[Site "?"]
[Date "2017.11.19"]
[Round "4.3"]
[White "Jablonicky, Martin"]
[Black "Banas, Jan"]
[Result "1/2-1/2"]
[WhiteElo "2313"]
[BlackElo "2199"]
[PlyCount "63"]
[EventDate "2017.??.??"]

1. Nf3 c5 2. g3 b6 3. Bg2 Bb7 4. b3 Nf6 5. Bb2 g6 6. O-O Bg7 7. c4 O-O 8. Nc3
Na6 9. Rc1 e6 10. d4 d5 11. cxd5 exd5 12. Na4 Qe7 13. dxc5 Nxc5 14. Ba3 Rac8
15. Ne1 Rfe8 16. Rc2 Ba6 17. Nd3 Bxd3 18. exd3 d4 19. Nxc5 bxc5 20. Qd2 Ng4 21.
Qa5 Bf8 22. Rfc1 Bh6 23. Rf1 Bf8 24. Bh3 h5 25. Bxg4 hxg4 26. Rfc1 Bh6 27. Rxc5
Bxc1 28. Rxc8 Bxa3 29. Rxe8+ Qxe8 30. Qxa3 Qe1+ 31. Kg2 Qe2 32. Qa6 1/2-1/2

[Event "SR 3. liga A2 2017/2018"]
[Site "?"]
[Date "2017.11.19"]
[Round "4.3"]
[White "Liptak, Tomas"]
[Black "Spacek, Oliver"]
[Result "1-0"]
[WhiteElo "2211"]
[BlackElo "2257"]
[PlyCount "97"]
[EventDate "2017.??.??"]

1. e4 c5 2. Nf3 e6 3. c3 d5 4. e5 f5 5. exf6 Nxf6 6. d4 Nc6 7. Bd3 Bd6 8. O-O
Qc7 9. Bg5 Bd7 10. Nbd2 c4 11. Bc2 b5 12. a3 a5 13. Qe2 O-O 14. Rfe1 h6 15. Bh4
Nh5 16. g3 Nf6 17. Bxf6 Rxf6 18. Ne5 Rb8 19. f4 b4 20. axb4 axb4 21. Nxd7 Qxd7
22. Ra6 b3 23. Bb1 Qb7 24. Ra1 Rbf8 25. Qg4 Ne7 26. Nf3 Nf5 27. Nh4 Nxh4 28.
Qxh4 Ra8 29. Rxa8+ Qxa8 30. Qg4 Qc8 31. h4 Qd7 32. h5 Bc7 33. Kg2 Kf8 34. Bg6
Ke7 35. f5 Kd6 36. fxe6 Qe7 37. Bf7 Kc6 38. Qxg7 Rf5 39. Qxh6 Kb7 40. Re3 Rg5
41. Rf3 Bd8 42. Qh7 Kc6 43. Qb1 Rg4 44. Qe1 Qg5 45. Re3 Be7 46. Bg6 Qh6 47. Qe2
Qg5 48. Kh3 Bd6 49. Qe1 1-0

[Event "SR 3. liga A2 2017/2018"]
[Site "?"]
[Date "2017.11.19"]
[Round "4.3"]
[White "Cajka, Tibor"]
[Black "Liptak, Dusan"]
[Result "0-1"]
[WhiteElo "2052"]
[BlackElo "2111"]
[PlyCount "82"]
[EventDate "2017.??.??"]

1. e4 c5 2. Nf3 d6 3. d4 cxd4 4. Nxd4 Nf6 5. Nc3 a6 6. Be3 e5 7. Nb3 Be6 8. f3
Be7 9. Qd2 Nbd7 10. g4 Nb6 11. g5 Nh5 12. Na5 Qc7 13. O-O-O Rc8 14. Kb1 O-O 15.
Bxb6 Qxb6 16. Nd5 Bxd5 17. exd5 Nf4 18. h4 f5 19. gxf6 Rxf6 20. Nc4 Qc5 21. Ne3
Rcf8 22. h5 Rh6 23. Ng4 Rxh5 24. Bd3 Rxh1 25. Rxh1 Nxd3 26. Qxd3 g6 27. Qd2
Rxf3 28. Qh6 Rf7 29. Qh3 Bg5 30. Rd1 h5 31. Nh2 Rf2 32. c4 Qxc4 33. Qe6+ Kg7
34. Ka1 Qc2 35. Rb1 Rxh2 36. Qd7+ Kh6 37. Qe8 Bf6 38. Qf8+ Bg7 39. Qxd6 e4 40.
Qf4+ Kh7 41. Qf7 Qxb2+ 0-1

[Event "SR 3. liga A2 2017/2018"]
[Site "?"]
[Date "2017.11.19"]
[Round "4.3"]
[White "Kovacocy, Pavol"]
[Black "Nemeckay, Rastislav"]
[Result "1-0"]
[WhiteElo "2254"]
[BlackElo "1955"]
[PlyCount "87"]
[EventDate "2017.??.??"]

1. e4 e5 2. Nf3 Nc6 3. Bc4 Be7 4. O-O Nf6 5. d3 d6 6. c3 O-O 7. Bb3 Bg4 8. Nbd2
Na5 9. Bc2 c5 10. Re1 b5 11. Nf1 Qc7 12. h3 Bd7 13. Ng3 Nc6 14. Nh4 g6 15. Bg5
Ne8 16. Qd2 Qd8 17. Nf3 Bxg5 18. Nxg5 Ng7 19. Nf3 Qe7 20. d4 Rad8 21. Rad1 Bc8
22. a4 b4 23. Bb3 Kh8 24. Qh6 Ne6 25. Bxe6 fxe6 26. dxc5 dxc5 27. Nf1 Ba6 28.
Qe3 Bxf1 29. Kxf1 a5 30. Qg5 Qc7 31. Ke2 Kg7 32. Rxd8 Rxd8 33. Rd1 h6 34. Qe3
Rxd1 35. Kxd1 Qd6+ 36. Kc2 g5 37. Qd3 Qe7 38. Nd2 bxc3 39. bxc3 Kf6 40. Qb5 Qc7
41. Qxc5 Qd7 42. Nc4 Nd4+ 43. cxd4 Qxa4+ 44. Kb2 1-0

[Event "SR 3. liga A2 2017/2018"]
[Site "?"]
[Date "2017.11.19"]
[Round "4.3"]
[White "Diviak, Rastislav"]
[Black "Sarmir, Milos"]
[Result "0-1"]
[WhiteElo "1961"]
[BlackElo "2079"]
[PlyCount "76"]
[EventDate "2017.??.??"]

1. e4 e5 2. Nf3 Nc6 3. Bb5 a6 4. Ba4 Nf6 5. O-O Be7 6. Re1 b5 7. Bb3 d6 8. c3
Na5 9. Bc2 c5 10. h3 O-O 11. d4 Qc7 12. Nbd2 Bb7 13. d5 Rab8 14. b3 Bc8 15. Nf1
Bd7 16. Ng3 c4 17. b4 Nb7 18. Be3 a5 19. a3 Ra8 20. Qd2 Ra6 21. Red1 Rfa8 22.
Qe1 g6 23. Nh2 Ne8 24. f4 exf4 25. Bxf4 Bf6 26. Nf3 axb4 27. axb4 Ra3 28. Rxa3
Rxa3 29. e5 dxe5 30. Nxe5 Nbd6 31. Qe3 Qa7 32. Qc5 g5 33. Nh5 gxf4 34. Nxd7
Qxd7 35. Qc6 Qe7 36. Nxf6+ Nxf6 37. Qc5 Rxc3 38. Qf2 Qe3 0-1

[Event "SR 3. liga A2 2017/2018"]
[Site "?"]
[Date "2017.11.19"]
[Round "4.3"]
[White "Markuliak, Mario"]
[Black "Ocko, Martin"]
[Result "1-0"]
[WhiteElo "1887"]
[BlackElo "1989"]
[PlyCount "87"]
[EventDate "2017.??.??"]

1. c4 Nf6 2. Nc3 g6 3. Nf3 Bg7 4. g3 d6 5. Bg2 O-O 6. O-O e5 7. d3 h6 8. Bd2
Nc6 9. Rb1 a5 10. a3 Be6 11. Qc2 Qd7 12. Rfc1 Bg4 13. e3 Qf5 14. Nh4 Qh5 15. f3
Bd7 16. Be1 g5 17. g4 Bxg4 18. fxg4 Nxg4 19. Nf5 Qxh2+ 20. Kf1 Qh5 21. Nd5 Rae8
22. Bg3 e4 23. Bxe4 Rxe4 24. dxe4 Qh1+ 25. Ke2 Qg2+ 26. Kd3 Nce5+ 27. Bxe5 Nf2+
28. Kc3 Nxe4+ 29. Kb3 Qxc2+ 30. Kxc2 Bxe5 31. Nxh6+ Kg7 32. Ng4 f5 33. Nxe5
dxe5 34. Nc3 Nf6 35. Rf1 Ng4 36. Kd2 Kg6 37. Ke2 f4 38. exf4 exf4 39. Rg1 f3+
40. Kf1 Kf5 41. Nd5 Rh8 42. Ne7+ Kf4 43. Ng6+ Ke3 44. Re1+ 1-0

[Event "SR 3. liga A2 2017/2018"]
[Site "?"]
[Date "2017.11.19"]
[Round "4.3"]
[White "Diviak, Rudolf"]
[Black "Vlkovic, Pavol"]
[Result "1-0"]
[WhiteElo "1776"]
[BlackElo "1817"]
[PlyCount "95"]
[EventDate "2017.??.??"]

1. e4 Nf6 2. Nc3 d6 3. Nf3 e5 4. Be2 c5 5. d3 h6 6. O-O Be6 7. Be3 Nc6 8. Nb5
a6 9. Na3 Be7 10. c3 O-O 11. Nc2 b5 12. d4 Bg4 13. d5 Nb8 14. Nd2 Bxe2 15. Qxe2
Nbd7 16. f3 Nh7 17. a4 Rb8 18. b4 Bg5 19. Bf2 f5 20. Nb3 c4 21. Na5 Qf6 22.
axb5 axb5 23. Na3 f4 24. Ra2 Bh4 25. Ba7 Qg6 26. Nc6 Rb7 27. Rfa1 Kh8 28. Bf2
Bxf2+ 29. Qxf2 Qf7 30. Nc2 Nb6 31. Ra7 Na4 32. R1xa4 bxa4 33. Rxa4 Qg8 34. Na3
Ra8 35. Rxa8 Qxa8 36. Na5 Rf7 37. Qb6 Qa7 38. Qxa7 Rxa7 39. N3xc4 Rd7 40. b5
Nf6 41. b6 Rd8 42. b7 Nd7 43. Nc6 Rf8 44. Nxd6 g5 45. c4 Kg7 46. c5 h5 47. Nc4
Kf6 48. Nb6 1-0

[Event "SR 3. liga A2 2017/2018"]
[Site "?"]
[Date "2017.11.19"]
[Round "4.3"]
[White "Hornak, Pavol"]
[Black "Ulehla, Jakub"]
[Result "0-1"]
[WhiteElo "1779"]
[BlackElo "1703"]
[PlyCount "68"]
[EventDate "2017.??.??"]

1. d4 Nf6 2. c4 g6 3. Nc3 Bg7 4. e4 d6 5. h3 Nc6 6. Bg5 O-O 7. Nf3 h6 8. Be3 e5
9. d5 Ne7 10. Bd3 Nd7 11. O-O f5 12. Qc2 f4 13. Bd2 g5 14. Nh2 Nf6 15. Be2 Ng6
16. b4 h5 17. f3 Bd7 18. c5 Qc8 19. c6 bxc6 20. dxc6 Be6 21. b5 g4 22. fxg4
hxg4 23. hxg4 Nxg4 24. Nf3 Qd8 25. Nd1 Nh4 26. Nxh4 Qxh4 27. Bxg4 Bxg4 28. Qb3+
Kh8 29. Nf2 Be2 30. Rfe1 f3 31. Qe6 fxg2 32. Rxe2 Rxf2 33. Re3 Rf1+ 34. Kxg2
Rf2+ 0-1

[Event "SR 3. liga A2 2017/2018"]
[Site "?"]
[Date "2017.11.19"]
[Round "4.4"]
[White "Pribila, Gerhard"]
[Black "Sobek, Michal"]
[Result "1/2-1/2"]
[WhiteElo "2124"]
[BlackElo "1880"]
[PlyCount "120"]
[EventDate "2017.??.??"]

1. Nf3 Nf6 2. g3 g6 3. b3 Bg7 4. Bb2 O-O 5. Bg2 c5 6. c4 Nc6 7. O-O d6 8. d4
cxd4 9. Nxd4 Bd7 10. Nc3 Qc8 11. Rc1 Bh3 12. Nd5 Bxg2 13. Nxc6 Nxd5 14. cxd5
bxc6 15. Bxg7 Kxg7 16. Kxg2 c5 17. b4 Rd8 18. Qd3 Kg8 19. bxc5 dxc5 20. Qc4 Qb7
21. e4 Rac8 22. Rb1 Qd7 23. Rb5 e6 24. dxe6 Qxe6 25. Rc1 Rd6 26. Qxe6 Rxe6 27.
Rc4 Ra6 28. a4 Rac6 29. Kf3 Kg7 30. Ke3 Kf6 31. f4 Ke6 32. Rc3 Ra6 33. a5 Rac6
34. Rb7 Ra6 35. Rb5 Rac6 36. Rc1 R8c7 37. Rc2 Rc8 38. Kd3 Rd8+ 39. Ke3 Rdc8 40.
e5 c4 41. Kd4 Rd8+ 42. Kc3 Rd3+ 43. Kb4 Rb3+ 44. Ka4 Rd3 45. Rb7 a6 46. Rb6
Rxb6 47. axb6 Rb3 48. Ka5 Ra3+ 49. Kb4 Rb3+ 50. Kc5 Kd7 51. Rd2+ Rd3 52. Rc2
Rb3 53. Kxc4 Rxb6 54. Rd2+ Kc7 55. Ra2 Rc6+ 56. Kd5 Rb6 57. Rc2+ Kd7 58. Ra2
Rb5+ 59. Kc4 Rb6 60. Kc5 Rb5+ 1/2-1/2

[Event "SR 3. liga A2 2017/2018"]
[Site "?"]
[Date "2017.11.19"]
[Round "4.4"]
[White "Jakubec, Milan"]
[Black "Danada, Ondrej"]
[Result "0-1"]
[WhiteElo "2067"]
[BlackElo "1855"]
[PlyCount "48"]
[EventDate "2017.??.??"]

1. e4 c6 2. d4 d5 3. exd5 cxd5 4. Bd3 Nc6 5. c3 Nf6 6. Bf4 Qb6 7. Qc2 Bg4 8.
Nd2 e6 9. Ngf3 Nh5 10. Be3 Bd6 11. h3 Bxf3 12. Nxf3 Nf4 13. Bxf4 Bxf4 14. Bxh7
g6 15. Bxg6 fxg6 16. Qxg6+ Ke7 17. Qg7+ Kd6 18. Qg4 Raf8 19. O-O Rhg8 20. Qh5
Qc7 21. Nh2 Qg7 22. Qg4 Qh7 23. Qe2 Qxh3 24. g3 Rh8 0-1

[Event "SR 3. liga A2 2017/2018"]
[Site "?"]
[Date "2017.11.19"]
[Round "4.4"]
[White "Brunovsky, Peter"]
[Black "Hirmajer, Jan"]
[Result "1/2-1/2"]
[WhiteElo "1844"]
[BlackElo "1918"]
[PlyCount "135"]
[EventDate "2017.??.??"]

1. d4 Nf6 2. Bf4 g6 3. e3 Bg7 4. h3 O-O 5. Nf3 d6 6. Bc4 c5 7. c3 Qb6 8. Qb3
Nbd7 9. Nbd2 Qc7 10. Bh2 Nb6 11. Bd3 Be6 12. Qd1 Rac8 13. O-O Bd7 14. Re1 Na4
15. Rb1 b5 16. Bc2 Nb6 17. Qe2 Qb7 18. Rec1 a6 19. Bd3 Be6 20. b3 Qa7 21. Ng5
c4 22. Bc2 Bd7 23. b4 Nfd5 24. Bd1 a5 25. e4 Nf6 26. a3 axb4 27. axb4 Qb7 28.
Ra1 Ra8 29. Bc2 Rxa1 30. Rxa1 h6 31. Ngf3 Ra8 32. Qd1 d5 33. e5 Ne8 34. Qb1 Na4
35. Bxa4 bxa4 36. Qb2 Bf8 37. Nb1 Nc7 38. Na3 Nb5 39. Nxb5 Bxb5 40. Bf4 Qd7 41.
Qb1 Qe6 42. Qc2 Qa6 43. Ra3 Bd7 44. Qc1 Kh7 45. Nd2 Bf5 46. Nf1 g5 47. Bg3 Bd7
48. Ne3 Qe6 49. Qd1 Bc6 50. Qc2+ Qg6 51. Qxg6+ Kxg6 52. Nd1 Bd7 53. Ne3 Bc6 54.
Nd1 Kf5 55. f3 h5 56. Ne3+ Kg6 57. h4 gxh4 58. Bxh4 Bh6 59. Kf2 f6 60. Bg3 f5
61. f4 e6 62. Kf3 Bf8 63. Bh4 Ra7 64. g3 Be7 65. Bxe7 Rxe7 66. Ng2 Kh6 67. Nh4
Rg7 68. Kf2 1/2-1/2

[Event "SR 3. liga A2 2017/2018"]
[Site "?"]
[Date "2017.11.19"]
[Round "4.4"]
[White "Horak, Ivan"]
[Black "Valla, Tomas"]
[Result "1-0"]
[WhiteElo "2008"]
[BlackElo "1852"]
[PlyCount "73"]
[EventDate "2017.??.??"]

1. e4 c5 2. Nc3 e6 3. f4 Nc6 4. Nf3 g6 5. g3 Bg7 6. Bg2 Nge7 7. O-O Nd4 8. d3
O-O 9. Ne2 d6 10. c3 Nxf3+ 11. Bxf3 e5 12. Be3 b6 13. d4 Qc7 14. fxe5 dxe5 15.
d5 Rd8 16. c4 Bh3 17. Rf2 Nc8 18. Nc3 Bd7 19. a4 a6 20. Qd2 Nd6 21. Be2 Qc8 22.
Bh6 Bg4 23. Bxg7 Kxg7 24. Qg5 Bxe2 25. Qxe5+ Kg8 26. Rxe2 Nxc4 27. Qf4 Qd7 28.
e5 b5 29. Ne4 Qe7 30. Nf6+ Kg7 31. Rf1 Rf8 32. h4 Nd6 33. Qg5 Rh8 34. e6 h6 35.
Nh5+ Kf8 36. Qxg6 f5 37. Re5 1-0

[Event "SR 3. liga A2 2017/2018"]
[Site "?"]
[Date "2017.11.19"]
[Round "4.4"]
[White "Zajicek, Ferdinand"]
[Black "Zlamal, Marek"]
[Result "0-1"]
[WhiteElo "1775"]
[BlackElo "1821"]
[PlyCount "100"]
[EventDate "2017.??.??"]

1. e4 c5 2. Nf3 Nc6 3. d4 cxd4 4. Nxd4 e5 5. Nf3 Nf6 6. Bd3 d5 7. Bg5 Be7 8.
Bxf6 Bxf6 9. O-O d4 10. h3 O-O 11. Nh2 Bg5 12. Nd2 Qb6 13. Nc4 Qc7 14. Qh5 Qe7
15. Qf3 b5 16. Na3 a6 17. Qg3 Be6 18. Nf3 Bf4 19. Qh4 Qb4 20. Rfb1 Qc5 21. Rd1
Nb4 22. Ng5 Bxg5 23. Qxg5 Bxa2 24. f4 f6 25. Qg4 Bf7 26. f5 Nc6 27. Nb1 Bc4 28.
Na3 Nb4 29. Kh2 Rfc8 30. h4 Qe7 31. h5 h6 32. Qe2 Bf7 33. g4 Nc6 34. Rdc1 Be8
35. Qd2 Nd8 36. b3 Nb7 37. c4 dxc3 38. Rxc3 Rxc3 39. Qxc3 b4 40. Qc4+ Bf7 41.
Qc6 bxa3 42. Bxa6 Rb8 43. Rd1 Nc5 44. Ra1 Nxa6 45. Qxa6 Rxb3 46. Qa8+ Kh7 47.
Rd1 Qb7 48. Qf8 Qxe4 49. Rg1 Bd5 50. Qe8 Qf4+ 0-1

[Event "SR 3. liga A2 2017/2018"]
[Site "?"]
[Date "2017.11.19"]
[Round "4.4"]
[White "Hrubos, Milan"]
[Black "Takacs, Zsolt"]
[Result "0-1"]
[WhiteElo "1764"]
[BlackElo "1766"]
[PlyCount "90"]
[EventDate "2017.??.??"]

1. e4 c5 2. Nf3 Nc6 3. d4 cxd4 4. c3 dxc3 5. Nxc3 e6 6. Bc4 Bb4 7. O-O Bxc3 8.
bxc3 Nge7 9. Qe2 Qc7 10. Rd1 O-O 11. Bb2 Ng6 12. Ba3 Re8 13. Bd6 Qa5 14. Rac1
b6 15. Nd4 Qg5 16. g3 Nxd4 17. cxd4 Bb7 18. Bb5 Rec8 19. f4 Qd8 20. Bd3 Rxc1
21. Rxc1 Rc8 22. Rxc8 Qxc8 23. Qc2 Qxc2 24. Bxc2 f6 25. Kf2 Kf7 26. Ke3 Ne7 27.
Ba4 Bc6 28. Bb3 f5 29. e5 Bd5 30. Ba4 Bxa2 31. Bxd7 Nd5+ 32. Kd2 a5 33. Bc6 h6
34. Bxd5 Bxd5 35. Bc7 a4 36. Bxb6 a3 37. Kc1 Kg6 38. Bc5 a2 39. Kb2 Kh5 40. Bf8
g5 41. fxg5 hxg5 42. Be7 f4 43. gxf4 gxf4 44. Bb4 Kg4 45. Be1 Kh3 0-1

[Event "SR 3. liga A2 2017/2018"]
[Site "?"]
[Date "2017.11.19"]
[Round "4.4"]
[White "Kanka, Tomas"]
[Black "Vach, Jozef"]
[Result "1-0"]
[WhiteElo "1705"]
[BlackElo "1682"]
[PlyCount "137"]
[EventDate "2017.??.??"]

1. e4 e5 2. Nf3 Nc6 3. Bc4 d6 4. d4 Be7 5. c3 Nf6 6. d5 Nb8 7. Qd3 Nbd7 8. Be3
a6 9. a4 Ng4 10. h3 Nxe3 11. Qxe3 O-O 12. Nbd2 b6 13. O-O Nf6 14. Be2 Bd7 15.
b4 Qc8 16. a5 b5 17. Rfc1 Qb8 18. Rab1 c6 19. dxc6 Bxc6 20. c4 Qb7 21. cxb5
axb5 22. Bd3 Bd7 23. Rc2 Bd8 24. Rbc1 Re8 25. Nb3 Be6 26. Nfd2 Bd7 27. Qe2 Rb8
28. Ra1 Qa6 29. Rac1 Kf8 30. Qf3 h6 31. Nf1 Be7 32. Ra1 Be6 33. Nfd2 Bd7 34.
Qe3 Bd8 35. Rac1 Ra8 36. Be2 Be7 37. Bf3 Rec8 38. Rxc8+ Rxc8 39. Rxc8+ Bxc8 40.
Qc3 Qb7 41. Qd3 Bd7 42. Qc2 Ne8 43. Nf1 Nc7 44. Ne3 Be6 45. Qc3 f6 46. Nc1 g6
47. Nd3 Kf7 48. Qd2 Bf8 49. Nd5 Nxd5 50. exd5 Bf5 51. Qe3 Bc8 52. g4 f5 53.
gxf5 gxf5 54. Bh5+ Kg8 55. Qc1 Bd7 56. Kh2 Qxd5 57. Qg1+ Bg7 58. Qg6 Bc6 59. f3
Qxd3 60. Qe6+ Kh8 61. Qc8+ Kh7 62. Qxc6 Qe2+ 63. Kh1 Qf1+ 64. Kh2 Qe2+ 65. Kh1
f4 66. Qe4+ Qxe4 67. fxe4 Bf6 68. a6 Bd8 69. a7 1-0

[Event "SR 3. liga A2 2017/2018"]
[Site "?"]
[Date "2017.11.19"]
[Round "4.4"]
[White "Stehlik, Jan"]
[Black "Kastler, Peter"]
[Result "0-1"]
[WhiteElo "1603"]
[BlackElo "1724"]
[PlyCount "90"]
[EventDate "2017.??.??"]

1. e4 e6 2. d4 d5 3. Nd2 dxe4 4. Nxe4 Nd7 5. Nf3 Ngf6 6. Bg5 Be7 7. Bd3 Nxe4 8.
Bxe7 Qxe7 9. Bxe4 Nf6 10. Bd3 Qb4+ 11. Qd2 Qxb2 12. O-O Qb6 13. Rab1 Qd6 14. c3
O-O 15. Ne5 b6 16. f4 Bb7 17. Rf2 Be4 18. Re1 Bxd3 19. Qxd3 c5 20. Re3 cxd4 21.
cxd4 Rad8 22. Rd2 Nd7 23. Rh3 g6 24. Rh6 Kg7 25. Qh3 Nf6 26. g4 Qb4 27. Nf3 Rh8
28. Qh4 Rc8 29. Rf2 Nxg4 30. Rxg6+ hxg6 31. Qxg4 Qb1+ 32. Kg2 Qe4 33. h4 Rc2
34. Rxc2 Qxc2+ 35. Kg3 Qf5 36. Qxf5 gxf5 37. Ne5 Rd8 38. Nc6 Rd7 39. h5 a5 40.
Kh4 Rd6 41. Ne5 Rxd4 42. Kg3 Ra4 43. a3 Rxa3+ 44. Kh4 Ra1 45. Nd7 b5 0-1

[Event "SR 3. liga A2 2017/2018"]
[Site "?"]
[Date "2017.11.19"]
[Round "4.5"]
[White "Takacs, Laszlo"]
[Black "Sebesta, Radovan"]
[Result "1/2-1/2"]
[WhiteElo "2241"]
[BlackElo "1996"]
[PlyCount "70"]
[EventDate "2017.??.??"]

1. e4 e6 2. d4 d5 3. Nd2 a6 4. Bd3 c5 5. dxc5 Bxc5 6. Ngf3 Nf6 7. O-O Nc6 8.
exd5 Qxd5 9. Nb3 Be7 10. Qe2 O-O 11. Rd1 Qh5 12. c3 Rd8 13. Bf4 b5 14. h3 Bb7
15. Bg3 b4 16. c4 a5 17. Ne5 Qxe2 18. Bxe2 Nxe5 19. Bxe5 a4 20. Nd4 Bc5 21. Nb5
Ne4 22. Bd4 Bxd4 23. Nxd4 Nc5 24. Nb5 Kf8 25. Kf1 Ke7 26. g3 Be4 27. Nd4 e5 28.
Nb5 Bc2 29. Rd5 Rxd5 30. cxd5 Rb8 31. Rc1 b3 32. axb3 axb3 33. Nc3 Nd3 34. Bxd3
Bxd3+ 35. Ke1 Ra8 1/2-1/2

[Event "SR 3. liga A2 2017/2018"]
[Site "?"]
[Date "2017.11.19"]
[Round "4.5"]
[White "Palka, Miroslav"]
[Black "Cibulka, Vladimir"]
[Result "1/2-1/2"]
[WhiteElo "1919"]
[BlackElo "2152"]
[PlyCount "120"]
[EventDate "2017.??.??"]

1. c4 e5 2. Nc3 Nc6 3. g3 g6 4. Bg2 Bg7 5. e4 d6 6. Nge2 Nge7 7. O-O O-O 8. d3
Be6 9. Rb1 Qd7 10. Nd5 f5 11. f4 fxe4 12. dxe4 Rae8 13. Be3 Bg4 14. Qd2 b6 15.
Nec3 exf4 16. Nxf4 Ne5 17. b3 g5 18. Nd3 h6 19. Nxe5 Bxe5 20. Nd5 Nxd5 21. exd5
Qg7 22. Rxf8+ Rxf8 23. Rf1 Re8 24. Kh1 a5 25. Qd3 Rf8 26. Rxf8+ Kxf8 27. Qf1+
Qf7 28. Qxf7+ Kxf7 29. Be4 Kf6 30. Kg2 Bc3 31. h4 Bd1 32. hxg5+ hxg5 33. Kf2 a4
34. bxa4 Bxa4 35. Ke2 Be5 36. Bf2 Bd7 37. Ke3 Bh3 38. Bd3 Bb2 39. Kf3 Bd7 40.
Be3 g4+ 41. Ke2 Be5 42. Bf2 Bb2 43. Be4 Ke5 44. Kd3 b5 45. Bh7 Be8 46. Be3 Kf6
47. Bd4+ Bxd4 48. Kxd4 bxc4 49. Bc2 c3 50. a4 c5+ 51. Kxc3 Ke5 52. Kc4 Bf7 53.
a5 Bxd5+ 54. Kc3 Bb7 55. Bd3 d5 56. a6 Ba8 57. Be2 Kf5 58. Bb5 Ke6 59. Be2 Kf5
60. Bb5 Ke6 1/2-1/2

[Event "SR 3. liga A2 2017/2018"]
[Site "?"]
[Date "2017.11.19"]
[Round "4.5"]
[White "Blaho, Stefan"]
[Black "Palka, Martin"]
[Result "1-0"]
[WhiteElo "2023"]
[BlackElo "1865"]
[PlyCount "98"]
[EventDate "2017.??.??"]

1. d4 Nf6 2. Nf3 g6 3. Bf4 Bg7 4. e3 c5 5. c3 O-O 6. Nbd2 b6 7. h3 Bb7 8. Bd3
d6 9. O-O Nbd7 10. Qe2 Qc7 11. Bh2 e5 12. dxe5 dxe5 13. e4 Rad8 14. Rfe1 Nh5
15. Bc4 h6 16. Nh4 Kh7 17. Nf5 Nf4 18. Bxf4 exf4 19. Nxg7 Kxg7 20. e5 Rfe8 21.
e6 fxe6 22. Ne4 e5 23. Rad1 Nf6 24. Rxd8 Rxd8 25. Nxf6 Kxf6 26. Qg4 Re8 27. Bd3
Qf7 28. Bb5 Re7 29. Rd1 Kg7 30. Rd6 Be4 31. Qe2 Bf5 32. Bc4 Qe8 33. Bb5 Qc8 34.
Qd2 Qc7 35. h4 Qb7 36. Bc6 Qc7 37. f3 c4 38. Qd5 a6 39. a4 b5 40. Kh2 bxa4 41.
Bxa4 Qa7 42. Rd8 Qc7 43. Qg8+ Kf6 44. Rf8+ Rf7 45. Qh8+ Ke6 46. Qg8 Kf6 47.
Qh8+ Ke6 48. Rc8 Qa7 49. Rc6+ Kd5 1-0

[Event "SR 3. liga A2 2017/2018"]
[Site "?"]
[Date "2017.11.19"]
[Round "4.5"]
[White "Skapikova, Lubica"]
[Black "Rachela, Jozef"]
[Result "0-1"]
[WhiteElo "1908"]
[BlackElo "2023"]
[PlyCount "140"]
[EventDate "2017.??.??"]

1. e4 e5 2. Nf3 Nc6 3. Bb5 a6 4. Ba4 Nf6 5. d3 d6 6. O-O Bd7 7. Re1 g6 8. Nbd2
Bg7 9. Nf1 O-O 10. c3 b5 11. Bb3 Na5 12. Bc2 c5 13. Ng3 Qc7 14. h3 Rac8 15. Be3
Rfe8 16. Qd2 d5 17. exd5 Nxd5 18. Bh6 Bh8 19. h4 Nf6 20. h5 Ng4 21. hxg6 hxg6
22. Ne4 Bf5 23. Nh4 Nxh6 24. Qxh6 Bg7 25. Qg5 Bxe4 26. Rxe4 Qd8 27. Qxd8 Rcxd8
28. g4 Nc6 29. Rae1 Kf8 30. R4e3 Bh6 31. Re4 Bf4 32. Ng2 Bd2 33. Rd1 Bg5 34.
Ne3 Na7 35. Bb3 a5 36. a4 b4 37. cxb4 cxb4 38. Rc4 Rc8 39. Rxc8 Rxc8 40. Nc4
Nc6 41. Nd6 Rc7 42. Nb5 Rd7 43. Bc4 Nd4 44. Kg2 Ke7 45. Rh1 Ne6 46. Kf3 Nc5 47.
Rh7 Kf8 48. Rh8+ Kg7 49. Ra8 Nxd3 50. b3 Nc5 51. Ke2 Bd8 52. Rc8 Nb7 53. Rc6
Kh6 54. Ke3 Kg5 55. f3 Be7 56. Nc7 Nd8 57. Ra6 Rxc7 58. Rxa5 Bc5+ 59. Ke4 f6
60. Ra8 Rd7 61. Bd5 Nf7 62. a5 f5+ 63. gxf5 gxf5+ 64. Kd3 Rxd5+ 65. Kc4 Rd8 66.
Rxd8 Nxd8 67. Kxc5 Nb7+ 68. Kxb4 Nxa5 69. Kc3 Nxb3 70. Kd3 Kf4 0-1

[Event "SR 3. liga A2 2017/2018"]
[Site "?"]
[Date "2017.11.19"]
[Round "4.5"]
[White "Matis, Tibor"]
[Black "Huska, Branislav"]
[Result "0-1"]
[WhiteElo "1911"]
[BlackElo "1807"]
[PlyCount "68"]
[EventDate "2017.??.??"]

1. e4 c5 2. Nf3 d6 3. d4 cxd4 4. Nxd4 Nf6 5. Nc3 a6 6. a4 e5 7. Nb3 Be7 8. Be2
O-O 9. O-O b6 10. f4 exf4 11. Bxf4 Bb7 12. Bf3 Qc7 13. Nd5 Nxd5 14. exd5 Nd7
15. Nd4 Rfe8 16. Nf5 Bf8 17. Kh1 Rac8 18. c3 Ne5 19. Be4 Qc4 20. Bc2 Qxd5 21.
Qxd5 Bxd5 22. Rfd1 Bxg2+ 23. Kxg2 Nc4 24. Re1 Nxb2 25. Nxd6 Rxe1 26. Rxe1 Rxc3
27. Re2 Nc4 28. Ne4 Ra3 29. Nf6+ gxf6 30. Re8 Kg7 31. Bf5 Nd6 32. Rxf8 Nxf5 33.
Rb8 Rxa4 34. Bc1 b5 0-1

[Event "SR 3. liga A2 2017/2018"]
[Site "?"]
[Date "2017.11.19"]
[Round "4.5"]
[White "Fidericky, Milan"]
[Black "Bugar, Peter"]
[Result "0-1"]
[WhiteElo "1699"]
[BlackElo "1829"]
[PlyCount "50"]
[EventDate "2017.??.??"]

1. d4 Nf6 2. Nf3 c5 3. d5 e6 4. c4 exd5 5. cxd5 d6 6. Nc3 g6 7. Bg5 h6 8. Bxf6
Qxf6 9. Qc2 a6 10. a4 Bg7 11. e4 O-O 12. Bd3 Bh3 13. O-O Re8 14. Ne1 Bc8 15.
Rb1 Nd7 16. f4 c4 17. Be2 Nc5 18. Kh1 Nxe4 19. Nxe4 Rxe4 20. Bxc4 Rxf4 21. Rxf4
Qxf4 22. Nf3 Bf5 23. Bd3 Rc8 24. Qe2 Bxd3 25. Qxd3 Rc1+ 0-1

[Event "SR 3. liga A2 2017/2018"]
[Site "?"]
[Date "2017.11.19"]
[Round "4.5"]
[White "Mezes, Kristof"]
[Black "Dest, Stanislav"]
[Result "0-1"]
[WhiteElo "1467"]
[BlackElo "1439"]
[PlyCount "74"]
[EventDate "2017.??.??"]

1. d4 d5 2. c4 e6 3. Nc3 Nf6 4. Bg5 Be7 5. Nf3 Nbd7 6. e3 O-O 7. cxd5 exd5 8.
Bd3 c6 9. O-O h6 10. Bh4 Re8 11. Qc2 Nf8 12. Rfe1 Be6 13. h3 Nh5 14. Bxe7 Qxe7
15. Re2 Qd7 16. Ne5 Qc8 17. h4 Nf6 18. b4 Qd8 19. g3 N8d7 20. a4 Nxe5 21. dxe5
Bg4 22. Rd2 Rxe5 23. Ne2 Qd6 24. Re1 Rae8 25. Nf4 Nh5 26. Qc3 Nxf4 27. gxf4
R5e6 28. Be2 Bxe2 29. Rdxe2 Rg6+ 30. Kf1 Qe7 31. Qd4 Qxh4 32. Rb2 Qh1+ 33. Ke2
Qe4 34. Qxe4 Rxe4 35. Ra1 d4 36. Rb3 dxe3 37. fxe3 h5 0-1

[Event "SR 3. liga A2 2017/2018"]
[Site "?"]
[Date "2017.11.19"]
[Round "4.6"]
[White "Lanc, Alois"]
[Black "Blazek, Milos"]
[Result "1/2-1/2"]
[WhiteElo "2307"]
[BlackElo "1992"]
[PlyCount "118"]
[EventDate "2017.??.??"]

1. e4 e5 2. Nf3 Nc6 3. Bb5 a6 4. Ba4 Nf6 5. O-O Be7 6. Bxc6 dxc6 7. Qe1 Nd7 8.
b3 O-O 9. Bb2 f6 10. Nc3 Nc5 11. h3 Ne6 12. Ne2 c5 13. d3 b5 14. Nh4 Nd4 15.
Nxd4 cxd4 16. Nf5 Bxf5 17. exf5 Qd5 18. Qe2 Bd6 19. h4 Rfe8 20. Rae1 Rac8 21.
Qg4 c5 22. h5 c4 23. h6 Qf7 24. Re4 cxd3 25. cxd3 Kh8 26. hxg7+ Qxg7 27. Qh3
Rg8 28. Bc1 Rc7 29. Bh6 Qf7 30. Rh4 a5 31. Qf3 a4 32. bxa4 bxa4 33. Qe2 Qd7 34.
Qe4 Qc6 35. Rb1 Qxe4 36. Rxe4 Rgc8 37. Ree1 Kg8 38. Kf1 Kf7 39. Rec1 Ba3 40.
Rxc7+ Rxc7 41. Rb8 Rc2 42. Ra8 Bc1 43. Ra7+ Ke8 44. Bxc1 Rxc1+ 45. Ke2 Rc2+ 46.
Kf3 Rxa2 47. g4 a3 48. Ke4 Rxf2 49. Rxa3 Rf4+ 50. Kd5 Rxg4 $11 51. Ra8+ Kf7 52.
Ra7+ Kg8 53. Ke6 h5 54. Kxf6 e4 $11 55. dxe4 Rxe4 56. Kg6 Rg4+ 57. Kxh5 Rg2 58.
Rd7 Kf8 59. Rxd4 Kf7 1/2-1/2

[Event "SR 3. liga A2 2017/2018"]
[Site "?"]
[Date "2017.11.19"]
[Round "4.6"]
[White "Blatnicky, Miroslav"]
[Black "Bango, Lukas"]
[Result "0-1"]
[WhiteElo "2113"]
[BlackElo "2093"]
[PlyCount "120"]
[EventDate "2017.??.??"]

1. d4 Nf6 2. c4 e6 3. Nc3 Bb4 4. Nf3 O-O 5. Bg5 c5 6. Bxf6 Qxf6 7. e3 Nc6 8.
Rc1 d6 9. Be2 e5 10. dxe5 dxe5 11. O-O Bxc3 12. Rxc3 Bf5 13. Qb3 b6 14. Rcc1
Rad8 15. Rfd1 Bg4 16. Kf1 e4 17. Nd2 Bxe2+ 18. Kxe2 Qg6 19. Kf1 Ne5 20. Qc2 Nd3
21. Ra1 f5 22. f4 Qh6 23. Kg1 g5 24. g3 gxf4 25. exf4 Qf6 26. Nf1 Qxb2 27. Qxb2
Nxb2 28. Rxd8 Rxd8 29. Ne3 Rd2 30. a4 Rd3 31. Kf2 Rd2+ 32. Kg1 a5 33. Nxf5 Nxc4
34. Re1 Ra2 35. Rxe4 Rxa4 36. Re7 Ra1+ 37. Kg2 a4 38. Nh6+ Kf8 39. Rf7+ Ke8 40.
f5 Ra2+ 41. Kh3 Nd6 42. Rxh7 Rf2 43. Ra7 b5 44. g4 c4 45. g5 Nxf5 46. Nxf5 Rxf5
47. Kg4 Rf2 48. Kg3 Rf1 49. Kg2 Rf5 50. h4 c3 51. g6 Kf8 52. Rc7 b4 53. Kg3 Rf6
54. h5 a3 55. Kg4 a2 56. Rc8+ Ke7 57. g7 a1=Q 58. Re8+ Kd6 59. Kg5 Qf1 60. Rd8+
Kc5 0-1